Monster Legends: All Blossom Era Monsters - Statistics

General Stats
  • This quiz has been taken 13 times
  • The average score is 23 of 49
Answer Stats
Answer % Correct
King Atum
75%
Dunn Fatid
63%
Hornroot
63%
La Mamma
63%
Magmor
63%
Mr. Beast Eco
63%
Nyla the Revenant
63%
Rock Archdruid
63%
Tuberkhan
63%
Ahma Niah
50%
Doni Bobes
50%
Duke Shrimpwader
50%
Flasherion
50%
Forge Labs
50%
Hardnut Gorilla
50%
Master Pet
50%
Mother Talika
50%
Nishant the Great
50%
Oswald
50%
Queen Zahra
50%
RAM
50%
Serpentex
50%
Silex
50%
Slab
50%
Slimok
50%
Teddywave
50%
TommyInnit
50%
Volcanyx
50%
Antlerian
38%
Boulderar
38%
Brainlodon
38%
Bucelyn
38%
Enhanzor
38%
Epigursus
38%
Firefool
38%
Mermaid Spearband
38%
Murk
38%
Nereida de Danann
38%
Roborabbit
38%
Seashell Guard
38%
Shadowyna
38%
Shiveerie
38%
Steelgoroth
38%
Strolem
38%
Tentacon
38%
Torvax
38%
Vadamelter
38%
Vrak Shriker
38%
Obsidiantes
25%
No matching quizzes found
Score Distribution
Percent of People with Each Score
Percentile by Number Answered
Your Score History
You have not taken this quiz